Statistics for Island Superlatives Quiz

Click here to take the quiz!

General Stats

  • This quiz has been taken 10,605 times
    (10,596 since last reset)
  • The average score is 13 of 24

Answer Stats

CategoryIsland% Correct
Largest islandGreenland
95%
Largest Caribbean islandCuba
78%
Largest island in the MediterraneanSicily
75%
Largest island in GreeceCrete
68%
Most populous Caribbean islandHispaniola
66%
Most populous islandJava
63%
Largest island in the Indian OceanMadagascar
63%
Smallest island nationNauru
61%
Most populous island of EuropeGreat Britain
60%
Southernmost major island of
the Caribbean
Trinidad
60%
Island that contains the most populous
urban area
Honshu
57%
Largest island in CanadaBaffin
56%
Island shared by the most countries (3)Borneo
55%
Largest island in the U.S.Hawaii
53%
Largest Balearic islandMallorca
52%
Largest island of the PhilippinesLuzon
51%
Largest volcanic island (formed from volcanic activity)Iceland
50%
Most populous island in the U.S.Long Island
48%
Largest Canary islandTenerife
41%
Most populous island in
French Polynesia
Tahiti
41%
Largest island of ChinaHainan
35%
Island with the highest mountainNew Guinea
23%
Most densely populated island with a
population over 1 million
Manhattan
19%
Most populous island in a riverMontreal
14%

Score Distribution

Percentile by Number Answered

Percent of People with Each Score

Your Score History

You have not taken this quiz since the last reset